00660nam a2200181 a 450000100100000000500170001000800410002702000150006804000250008324500760010826000320018430000320021650000370024850500410028570000300032695201050035699900170046100004386520201002045019.0140507s1979 sp ac 000 0 spa d a8434539179 aDO-SdBNPbspacBNPHU03aEl Cine :benciclopedía Salvat del 7mo. arte /cdirector Juan Salvat. aBarcelona :bSalvat,c1979. av. :bil., retrs. ;c31 cm. aLa biblioteca posee el volumen 41 gv. 4tCine de guerratCine historico12aSalvat, Juanedir.910865 001050718MOaGRbGRcCTd2014-05-07iLF1l0o p43865-10r2020-06-25w2020-06-25y1ZNo se presta c43354d43354